Quick Pick: Men's Tennis Career Grand Slam Quiz Stats

 Plays Quiz Updated Aug 28, 2017

Score 0/8 Timer 00:30
2 Plays Today
% Correct
Roger Federer
85.8%
Novak Djokovic
79.5%
Rafael Nadal
79.4%
Andre Agassi
72.9%
Rod Laver
64.5%
Fred Perry
38%
Roy Emerson
37.8%
Don Budge
32.6%

Today's Daily Dose

You're not logged in!

Compare scores with friends on all Sporcle quizzes.
OR
Log In

You Might Also Like...

Show Comments

Extras

Top Quizzes Today


Score Distribution

Your Account Isn't Verified!

In order to create a playlist on Sporcle, you need to verify the email address you used during registration. Go to your Sporcle Settings to finish the process.

Report this User

Report this user for behavior that violates our Community Guidelines.

Details: